[Event "Cto Equipos Aragon 2013 Preferente II"]
[Site "Aragon"]
[Date "2013.02.23"]
[Round "5.72"]
[White "Garcia Valer, Jesus V"]
[Black "Urgel Varela, Fernando"]
[Result "1-0"]
[WhiteElo "1883"]
[BlackElo "1836"]
[PlyCount "80"]
[EventDate "2013.??.??"]
[EventType "tourn"]
[EventRounds "9"]
[EventCountry "ESP"]
[WhiteTeam "CCOO Delicias B"]
[BlackTeam "San Jose"]

1. e4 {[%emt 0:00:00]} c5 2. f4 e6 3. Nf3 a6 4. g3 Nc6 5. Bg2 b5 6. O-O Bb7 7.
d3 d5 8. exd5 Qxd5 9. Nc3 Qd7 10. Ne4 Be7 11. Be3 Nd4 12. c3 Nxf3+ 13. Bxf3 Rc8
14. Qe2 Nf6 15. Rad1 O-O 16. Nxf6+ Bxf6 17. d4 Bxf3 18. Qxf3 c4 19. f5 exf5 20.
Qxf5 Qxf5 21. Rxf5 Rfe8 22. Kf2 Re7 23. Rd2 h6 24. Bxh6 Kh7 25. Bg5 Bxg5 26.
Rxg5 f6 27. Rd5 Rc6 28. Rd8 Kg6 29. d5 Rb6 30. Kf3 Rbb7 31. d6 Red7 32. Rxd7
Rxd7 33. Ke4 Kf7 34. Kd5 Ra7 35. Kc6 Ke8 36. Kb6 Ra8 37. Kb7 Rd8 38. Kxa6 Ra8+
39. Kxb5 Ra7 40. Kxc4 Kd7 1-0

[Event "Cto Equipos Aragon 2013 Div. Honor I"]
[Site "Aragon"]
[Date "2013.03.02"]
[Round "6.1"]
[White "Gil Capape, Marco Antonio"]
[Black "Ramon Perez, Jose Luis"]
[Result "0-1"]
[WhiteElo "2084"]
[BlackElo "2236"]
[PlyCount "70"]
[EventDate "2013.??.??"]
[EventType "tourn"]
[EventRounds "7"]
[EventCountry "ESP"]
[WhiteTeam "Caissa - Hnos. Cortes"]
[BlackTeam "Agrupacion"]

1. e4 e5 2. Nf3 Nc6 3. Bb5 a6 4. Bxc6 dxc6 5. Nxe5 Qd4 6. Ng4 Qxe4+ 7. Ne3 Nf6
8. Nc3 Qg6 9. Qe2 Be6 10. d3 O-O-O 11. Bd2 Bc5 12. O-O-O Rhe8 13. Qf1 Nd5 14.
Ne4 Bf8 15. Nc4 Nb4 16. Ne5 Qh5 17. f4 f6 18. Ng3 Qh4 19. Nf3 Nxa2+ 20. Kb1 Qg4
21. Qf2 Nb4 22. h3 Nxd3 23. cxd3 Qg6 24. f5 Bxf5 25. Nh4 Bxd3+ 26. Ka1 Qf7 27.
Bc3 Qc4 28. Rxd3 Rxd3 29. Nf3 Red8 30. Qc2 Bb4 31. Ne2 R8d5 32. b3 Bxc3+ 33.
Kb1 Ra5 34. Nxc3 Qxc3 35. Qxc3 Rxc3 0-1

[Event "Cto Equipos Aragon 2013 Div. Honor I"]
[Site "Aragon"]
[Date "2013.03.02"]
[Round "6.3"]
[White "Vasilev, Vas"]
[Black "Martinez Asensio, Juan Miguel"]
[Result "0-1"]
[WhiteElo "1942"]
[BlackElo "2099"]
[PlyCount "50"]
[EventDate "2013.??.??"]
[EventType "tourn"]
[EventRounds "7"]
[EventCountry "ESP"]
[WhiteTeam "Caissa - Hnos. Cortes"]
[BlackTeam "Agrupacion"]

1. d4 Nf6 2. Nf3 g6 3. c4 c5 4. d5 b5 5. Qc2 Bg7 6. e4 bxc4 7. Nc3 d6 8. Bxc4
O-O 9. h3 Nbd7 10. O-O Nb6 11. Bb5 Bd7 12. a4 Bxb5 13. axb5 Ne8 14. Bg5 Nc7 15.
Rad1 Qd7 16. e5 Rfe8 17. Ne4 Ncxd5 18. Rxd5 Nxd5 19. Rd1 Qe6 20. Qd2 Nb6 21.
Bh6 Nc4 22. Qf4 Nxe5 23. Nfg5 Qb3 24. Qh4 Qxd1+ 25. Kh2 Qh5 0-1

[Event "Cto Equipos Aragon 2013 Div. Honor I"]
[Site "Aragon"]
[Date "2013.03.02"]
[Round "6.4"]
[White "Carruez Berges, Santiago"]
[Black "Galvez Perez, Jose Luis"]
[Result "1/2-1/2"]
[WhiteElo "2119"]
[BlackElo "1925"]
[PlyCount "109"]
[EventDate "2013.??.??"]
[EventType "tourn"]
[EventRounds "7"]
[EventCountry "ESP"]
[WhiteTeam "Agrupacion"]
[BlackTeam "Caissa - Hnos. Cortes"]

1. Nf3 g6 2. e4 Bg7 3. d4 d6 4. Be2 Nf6 5. Nc3 O-O 6. O-O a6 7. Bg5 Nc6 8. d5
Ne5 9. Nxe5 dxe5 10. Qd2 b5 11. f3 Ne8 12. a4 b4 13. Na2 a5 14. c3 bxc3 15.
Nxc3 Nd6 16. Rfc1 f5 17. Bb5 Rb8 18. Be3 fxe4 19. fxe4 Bd7 20. Qd3 Qe8 21. Bxd7
Qxd7 22. Rc2 Rb4 23. Bc5 Rb3 24. Qe2 Bh6 25. Rf1 Rxf1+ 26. Kxf1 Bf4 27. g3 Bh6
28. Kg2 Nf7 29. Qc4 Rb8 30. Rf2 Nd6 31. Qd3 Qg4 32. Qf3 Qxf3+ 33. Kxf3 Bc1 34.
Bxd6 cxd6 35. Nb5 Rf8+ 36. Ke2 Rxf2+ 37. Kxf2 Bxb2 38. Ke2 Kf7 39. Kd3 h5 40.
Na7 Bd4 41. Nc6 Bb6 42. h3 e6 43. Kc4 Bc7 44. Na7 Ke7 45. g4 hxg4 46. hxg4 Kd7
47. Nb5 Bd8 48. Nc3 Bh4 49. Kb5 Be1 50. dxe6+ Kxe6 51. Nd5 Bd2 52. Kc6 Bb4 53.
Kc7 Bc5 54. Kd8 Kf7 55. Kd7 1/2-1/2

[Event "Cto Equipos Aragon 2013 Div. Honor I"]
[Site "Aragon"]
[Date "2013.03.02"]
[Round "6.5"]
[White "Laliena Solares, Luis M"]
[Black "Adla, Diego Gustavo"]
[Result "1/2-1/2"]
[WhiteElo "2160"]
[BlackElo "2498"]
[PlyCount "68"]
[EventDate "2013.??.??"]
[EventType "tourn"]
[EventRounds "7"]
[EventCountry "ESP"]
[WhiteTeam "ONCE C.A. Aragon"]
[BlackTeam "St Casablanca"]

1. d4 Nf6 2. Nf3 g6 3. Nc3 d5 4. Bf4 Bg7 5. Qd2 O-O 6. Bh6 c5 7. dxc5 Nc6 8.
Bxg7 Kxg7 9. Rd1 e6 10. e3 Qe7 11. Be2 Rd8 12. Nb5 Ne4 13. Qc1 a6 14. Nbd4 Qxc5
15. O-O b5 16. Nxc6 Qxc6 17. c4 bxc4 18. Bxc4 Bd7 19. Bd3 Qxc1 20. Rxc1 Bb5 21.
Bxb5 axb5 22. a3 Rdc8 23. Nd4 Nd6 24. Rc6 Rxc6 25. Nxc6 Rc8 26. Rc1 Kf6 27. Rc2
e5 28. Kf1 Ke6 29. Ke2 f6 30. f3 Kd7 31. Nb4 Rxc2+ 32. Nxc2 Nc4 33. b3 Na5 34.
Na1 Kd6 1/2-1/2

[Event "Cto Equipos Aragon 2013 Div. Honor I"]
[Site "Aragon"]
[Date "2013.03.02"]
[Round "6.6"]
[White "Glavina Rossi, Pablo"]
[Black "Latorre Abad, Fernando"]
[Result "1-0"]
[WhiteElo "2445"]
[BlackElo "2099"]
[PlyCount "83"]
[EventDate "2013.??.??"]
[EventType "tourn"]
[EventRounds "7"]
[EventCountry "ESP"]
[WhiteTeam "St Casablanca"]
[BlackTeam "ONCE C.A. Aragon"]

1. d4 Nf6 2. c4 d6 3. Nf3 Nbd7 4. g3 e5 5. Bg2 Be7 6. Nc3 O-O 7. O-O c6 8. b3
Re8 9. Bb2 a6 10. Qc2 Bf8 11. e4 b5 12. Rfd1 Qb6 13. h3 Qb8 14. c5 dxc5 15.
dxe5 Nh5 16. Ne2 g6 17. g4 Ng7 18. Nf4 Nb6 19. Rd2 Be6 20. Ng5 a5 21. Rad1 a4
22. Ngxe6 Nxe6 23. Nxe6 Rxe6 24. f4 axb3 25. axb3 c4 26. f5 Re8 27. e6 fxe6 28.
fxe6 Ra2 29. Qc3 Rxb2 30. Qxb2 Bg7 31. Qc2 c5 32. e5 Bxe5 33. Bc6 Bd4+ 34. Rxd4
cxd4 35. Bxe8 Qxe8 36. Qe4 d3 37. bxc4 bxc4 38. Rf1 d2 39. e7 c3 40. Qe6+ Kg7
41. Qf6+ Kh6 42. Qf8+ 1-0

[Event "Cto Equipos Aragon 2013 Div. Honor I"]
[Site "Aragon"]
[Date "2013.03.02"]
[Round "6.7"]
[White "Cobo Garrido, Diego Israel"]
[Black "Lopez Gracia, Fernando"]
[Result "1-0"]
[WhiteElo "2059"]
[BlackElo "2368"]
[PlyCount "45"]
[EventDate "2013.??.??"]
[EventType "tourn"]
[EventRounds "7"]
[EventCountry "ESP"]
[WhiteTeam "ONCE C.A. Aragon"]
[BlackTeam "St Casablanca"]

1. e4 c5 2. Nf3 e6 3. d4 cxd4 4. Nxd4 Nc6 5. Nc3 a6 6. Be2 d6 7. O-O Nf6 8. Be3
Be7 9. Kh1 O-O 10. f4 Bd7 11. Qe1 Nxd4 12. Bxd4 Bc6 13. Qg3 b5 14. a3 Qb8 15.
e5 dxe5 16. Bxe5 Qb7 17. Bf3 Bxf3 18. Rxf3 g6 19. Re1 Rad8 20. Nd1 Ne4 21. Qh3
Bf6 22. Qh6 Bh8 23. Qxh7+ 1-0

[Event "Cto Equipos Aragon 2013 Div. Honor I"]
[Site "Aragon"]
[Date "2013.03.02"]
[Round "6.8"]
[White "Quintin Navarro, Alberto"]
[Black "Lopez Guaita, Fernando"]
[Result "1-0"]
[WhiteElo "2220"]
[BlackElo "2027"]
[PlyCount "53"]
[EventDate "2013.??.??"]
[EventType "tourn"]
[EventRounds "7"]
[EventCountry "ESP"]
[WhiteTeam "St Casablanca"]
[BlackTeam "ONCE C.A. Aragon"]

1. d4 d5 2. c4 e6 3. Nf3 Nf6 4. g3 Be7 5. Bg2 O-O 6. O-O dxc4 7. Qc2 c6 8. Qxc4
Nbd7 9. Rd1 Qb6 10. Nc3 Nd5 11. e4 Nxc3 12. bxc3 Qb5 13. Qb3 Qxb3 14. axb3 b6
15. c4 Bb7 16. Bf4 h6 17. d5 cxd5 18. exd5 exd5 19. cxd5 Bf6 20. Rac1 Rac8 21.
Rxc8 Bxc8 22. Nd4 Re8 23. Nb5 g5 24. Bc7 Be5 25. Re1 f6 26. Nxa7 Kf8 27. d6 1-0

[Event "Cto Equipos Aragon 2013 Div. Honor I"]
[Site "Aragon"]
[Date "2013.03.02"]
[Round "6.9"]
[White "Salamero Pelay, Fernando"]
[Black "Del Rey, Diego"]
[Result "1/2-1/2"]
[WhiteElo "2140"]
[BlackElo "2383"]
[PlyCount "42"]
[EventDate "2013.??.??"]
[EventType "tourn"]
[EventRounds "7"]
[EventCountry "ESP"]
[WhiteTeam "Club Atletismo Huesca"]
[BlackTeam "El Olivar"]

1. e4 c5 2. Nf3 Nc6 3. Bb5 e6 4. O-O Nge7 5. b3 a6 6. Bxc6 Nxc6 7. Bb2 d5 8.
exd5 Qxd5 9. Re1 Qd7 10. c4 f6 11. Nc3 Be7 12. Na4 Qc7 13. d4 cxd4 14. Nxd4
Nxd4 15. Bxd4 O-O 16. Nb6 Rb8 17. Qe2 Bc5 18. Nxc8 e5 19. Bxc5 Qxc5 20. Rad1
Qxc8 21. Rd5 Rd8 1/2-1/2

[Event "Cto Equipos Aragon 2013 Div. Honor I"]
[Site "Aragon"]
[Date "2013.03.02"]
[Round "6.10"]
[White "Chueca Forcen, Alberto"]
[Black "Bellosta Lopez, Pablo"]
[Result "1-0"]
[WhiteElo "2310"]
[BlackElo "2072"]
[PlyCount "81"]
[EventDate "2013.??.??"]
[EventType "tourn"]
[EventRounds "7"]
[EventCountry "ESP"]
[WhiteTeam "El Olivar"]
[BlackTeam "Club Atletismo Huesca"]

1. e4 c5 2. c3 Nf6 3. e5 Nd5 4. d4 cxd4 5. cxd4 e6 6. Nf3 d6 7. Bd3 dxe5 8.
Nxe5 Nc6 9. O-O Bd6 10. Nxc6 bxc6 11. Qg4 Nf6 12. Qxg7 Rg8 13. Qh6 Bxh2+ 14.
Qxh2 Qxd4 15. Qf4 Qxd3 16. Qxf6 Ba6 17. Re1 Rg6 18. Qc3 Qd5 19. f3 O-O-O 20.
Bf4 e5 21. Qxe5 Qxe5 22. Bxe5 Rdg8 23. g3 h5 24. Re4 f5 25. Ra4 c5 26. Nc3 Re8
27. Re1 Bb7 28. Kf2 Rge6 29. f4 h4 30. gxh4 Rh6 31. Rc4 Bc6 32. Rxc5 Kb7 33.
Bg7 Rxh4 34. Rxe8 Bxe8 35. Nd5 Bc6 36. Be5 Rh2+ 37. Ke3 Rh3+ 38. Kd4 Rh2 39.
Kc3 Rh3+ 40. Kb4 Rd3 41. Ne7 1-0

[Event "Cto Equipos Aragon 2013 Div. Honor I"]
[Site "Aragon"]
[Date "2013.03.02"]
[Round "6.11"]
[White "Gella Lopez, Angel"]
[Black "Hernando Garcia, Antonio"]
[Result "1/2-1/2"]
[WhiteElo "2092"]
[BlackElo "2173"]
[PlyCount "77"]
[EventDate "2013.??.??"]
[EventType "tourn"]
[EventRounds "7"]
[EventCountry "ESP"]
[WhiteTeam "Club Atletismo Huesca"]
[BlackTeam "El Olivar"]

1. d4 d5 2. c4 c6 3. Nf3 Nf6 4. e3 Bf5 5. Nc3 e6 6. Nh4 Bg4 7. Qb3 Qb6 8. h3
Qxb3 9. axb3 Bh5 10. g4 Bg6 11. Nxg6 hxg6 12. Bg2 Nbd7 13. Bd2 a6 14. O-O Nb6
15. c5 Nbd7 16. f4 Be7 17. b4 O-O 18. Bf3 Rfc8 19. Kf2 Ne8 20. g5 f5 21. h4 Kf7
22. Rh1 Nc7 23. Rh2 Rh8 24. Rah1 Rh7 25. h5 Rah8 26. hxg6+ Kxg6 27. Rxh7 Rxh7
28. Rxh7 Kxh7 29. Be2 g6 30. Be1 Kg7 31. Nb1 Kf7 32. Nd2 Ke8 33. Nb3 Kd8 34.
Nd2 Kc8 35. Nf3 Kb8 36. Nh4 Nf8 37. Nf3 Nd7 38. Nh4 Nf8 39. Nf3 1/2-1/2

[Event "Cto Equipos Aragon 2013 Div. Honor I"]
[Site "Aragon"]
[Date "2013.03.02"]
[Round "6.12"]
[White "Veras Sanz, Martin Marino"]
[Black "Laplaza Ara, Carlos"]
[Result "1-0"]
[WhiteElo "2034"]
[BlackElo "2020"]
[PlyCount "61"]
[EventDate "2013.??.??"]
[EventType "tourn"]
[EventRounds "7"]
[EventCountry "ESP"]
[WhiteTeam "El Olivar"]
[BlackTeam "Club Atletismo Huesca"]

1. d4 d5 2. c4 e6 3. Nc3 Nf6 4. Bg5 Be7 5. cxd5 exd5 6. e3 O-O 7. Bd3 Nbd7 8.
Nf3 c6 9. Qc2 Re8 10. h3 Nf8 11. O-O g6 12. Rab1 Ne6 13. Bxf6 Bxf6 14. b4 a6
15. a4 Ng7 16. b5 axb5 17. axb5 Bf5 18. bxc6 bxc6 19. Ne2 Bxd3 20. Qxd3 Qd6 21.
Rfc1 Reb8 22. Rxb8+ Rxb8 23. Qc2 Rb6 24. Nf4 Ne6 25. Nd3 Qb8 26. Nfe5 Bxe5 27.
Nxe5 Qd6 28. Nxc6 Ng5 29. Ne5 Ne4 30. Qc8+ Kg7 31. Rc7 1-0

[Event "Cto Equipos Aragon 2013 Div. Honor I"]
[Site "Aragon"]
[Date "2013.03.02"]
[Round "6.13"]
[White "Hefty Hilardo, Jorge Walter"]
[Black "Cifuentes Parada, Roberto"]
[Result "0-1"]
[WhiteElo "2323"]
[BlackElo "2473"]
[PlyCount "94"]
[EventDate "2013.??.??"]
[EventType "tourn"]
[EventRounds "7"]
[EventCountry "ESP"]
[WhiteTeam "Ibercaja B"]
[BlackTeam "Casino Jaque"]

1. d4 d5 2. c4 dxc4 3. e4 c5 4. d5 e6 5. Bxc4 Nf6 6. Nc3 exd5 7. Nxd5 Nxd5 8.
Bxd5 Be7 9. Nf3 O-O 10. O-O Nc6 11. Be3 Nb4 12. Bc4 Be6 13. Bxe6 fxe6 14. Qb3
Qc8 15. Rac1 b5 16. Ne5 c4 17. Nxc4 bxc4 18. Rxc4 Qa6 19. Rxb4 Bxb4 20. Qxb4
Qxa2 21. Bd4 Rf7 22. Bc3 Rd8 23. Qb5 h6 24. h3 Kh7 25. Re1 Rdd7 26. Rf1 Rb7 27.
Qe5 Qc4 28. Re1 Rbd7 29. Qa5 Qc6 30. Qe5 Qb6 31. Qg3 Qc5 32. Rf1 Qc4 33. Re1
Rd3 34. Qe5 Qc6 35. f3 Rf6 36. Qg3 Rdxf3 37. Qg4 Qc5+ 38. Kh2 Qc7+ 39. Kg1 Rg3
40. Qh4 Rfg6 41. Re2 Qc4 42. Rf2 Qc5 43. Kf1 e5 44. Qh5 Ra6 45. Qf5+ Rgg6 46.
Bxe5 Ra1+ 47. Ke2 Ra5 0-1

[Event "Cto Equipos Aragon 2013 Div. Honor I"]
[Site "Aragon"]
[Date "2013.03.02"]
[Round "6.14"]
[White "Accattato Martin, Mario"]
[Black "Martinez Cebolla, Alberto"]
[Result "1/2-1/2"]
[WhiteElo "2174"]
[BlackElo "2053"]
[PlyCount "101"]
[EventDate "2013.??.??"]
[EventType "tourn"]
[EventRounds "7"]
[EventCountry "ESP"]
[WhiteTeam "Casino Jaque"]
[BlackTeam "Ibercaja B"]

1. e4 e6 2. d3 d5 3. Nd2 c5 4. g3 Nc6 5. Bg2 Nge7 6. Ne2 g6 7. h4 h5 8. Nf4 Bg7
9. O-O d4 10. a4 e5 11. Ne2 Bg4 12. Nc4 Qd7 13. a5 O-O-O 14. Ra3 Kb8 15. Rb3
Nb4 16. f3 Be6 17. Bd2 Nec6 18. Nc1 Bxc4 19. dxc4 Nxa5 20. Bxb4 Nxb3 21. Nxb3
cxb4 22. Qd2 Bf8 23. Rd1 Qc7 24. Bf1 Bc5 25. Bd3 f6 26. Kf2 Rdg8 27. Ra1 b6 28.
Rh1 g5 29. hxg5 fxg5 30. Kg2 Qe7 31. Be2 Qf6 32. Nc1 h4 33. g4 Qf4 34. Qxf4
exf4 35. b3 Kc7 36. Nd3 Kd6 37. Kh3 Ra8 38. Nb2 Ke5 39. Bd3 a6 40. Na4 Rhb8 41.
Ra1 Kd6 42. Ra2 Ke5 43. Ra1 Ra7 44. Ra2 Kd6 45. Ra1 Raa8 46. Ra2 Rb7 47. Ra1
Rbb8 48. Ra2 Rg8 49. Ra1 Rge8 50. Ra2 Reb8 51. Ra1 1/2-1/2

[Event "Cto Equipos Aragon 2013 Div. Honor I"]
[Site "Aragon"]
[Date "2013.03.02"]
[Round "6.15"]
[White "Garcia Monterde, Francisco Jose"]
[Black "Abos Rosico, Antonio"]
[Result "0-1"]
[WhiteElo "2036"]
[BlackElo "2073"]
[PlyCount "88"]
[EventDate "2013.??.??"]
[EventType "tourn"]
[EventRounds "7"]
[EventCountry "ESP"]
[WhiteTeam "Ibercaja B"]
[BlackTeam "Casino Jaque"]

1. c4 e5 2. g3 Nc6 3. Bg2 g6 4. Nc3 Bg7 5. Nf3 d6 6. d3 Nf6 7. O-O O-O 8. Rb1
h6 9. b4 a6 10. a4 Be6 11. b5 axb5 12. axb5 Na5 13. c5 dxc5 14. Nxe5 Qd4 15.
Bb2 Qxe5 16. Nd5 Nxd5 17. Bxe5 Bxe5 18. Qc2 Nc3 19. Rb2 c6 20. b6 Ra6 21. e3
Na4 22. Rbb1 Nxb6 23. Qxc5 Nd7 24. Qc2 Rfa8 25. d4 Bd6 26. Ra1 Nc4 27. Rxa6
Rxa6 28. e4 b5 29. d5 cxd5 30. exd5 Bf5 31. Be4 Bxe4 32. Qxe4 Nf6 33. Qd4 Ne5
34. Kg2 b4 35. h3 Ned7 36. Qc4 Rb6 37. Rb1 Kg7 38. g4 Ne5 39. Qd4 Rb5 40. Qa7
Rxd5 41. Qb7 Rd2 42. Rb3 Bc5 43. Rf3 Nxf3 44. Qxf3 Rxf2+ 0-1

[Event "Cto Equipos Aragon 2013 Div. Honor I"]
[Site "Aragon"]
[Date "2013.03.02"]
[Round "6.16"]
[White "Mancho Fondevila, Jorge"]
[Black "Dimitrov Uzunov, Nedko"]
[Result "1/2-1/2"]
[WhiteElo "1878"]
[BlackElo "1896"]
[PlyCount "92"]
[EventDate "2013.??.??"]
[EventType "tourn"]
[EventRounds "7"]
[EventCountry "ESP"]
[WhiteTeam "Casino Jaque"]
[BlackTeam "Ibercaja B"]

1. d4 d5 2. Nf3 Nf6 3. e3 e6 4. Bd3 Nbd7 5. O-O Be7 6. b3 b6 7. Bb2 O-O 8. Nbd2
Bb7 9. Ne5 c5 10. Ndf3 a6 11. a4 Ne4 12. Nxd7 Qxd7 13. Ne5 Qe8 14. Bxe4 dxe4
15. dxc5 f6 16. Qd7 Bc8 17. Qxe8 Rxe8 18. Nc4 Bxc5 19. Rfd1 Bb7 20. Bd4 Rac8
21. Rac1 b5 22. Na5 Bd5 23. c4 bxc4 24. bxc4 Ba3 25. Ra1 Bb4 26. cxd5 Bxa5 27.
dxe6 Rxe6 28. Rdc1 Rec6 29. Rxc6 Rxc6 30. g3 Rc4 31. Ra2 Kf7 32. Kf1 h5 33. Kg2
Ke6 34. h3 g6 35. g4 hxg4 36. hxg4 f5 37. Kg3 Rc1 38. gxf5+ Kxf5 39. Kg2 Kg4
40. Be5 Kf5 41. Bd4 Kg4 42. Be5 Bc7 43. Rb2 Rc4 44. Ra2 Ba5 45. Bg7 g5 46. Bd4
Kf5 1/2-1/2

[Event "Cto Equipos Aragon 2013 Div. Honor II"]
[Site "Aragon"]
[Date "2013.03.02"]
[Round "6.17"]
[White "Guzman Moneo, Alberto"]
[Black "Villuendas Valero, Adrian"]
[Result "0-1"]
[WhiteElo "2192"]
[BlackElo "2301"]
[PlyCount "80"]
[EventDate "2013.??.??"]
[EventType "tourn"]
[EventRounds "7"]
[EventCountry "ESP"]
[WhiteTeam "Helios"]
[BlackTeam "Ramiro"]

1. e4 e6 2. d4 d5 3. Nd2 a6 4. Bd3 Nf6 5. Ngf3 c5 6. c3 Nc6 7. O-O Be7 8. dxc5
Bxc5 9. e5 Nd7 10. Nb3 Be7 11. Re1 Qc7 12. Bf4 h6 13. Nfd4 g5 14. Bg3 h5 15. h3
Nc5 16. Nxc5 Bxc5 17. Nb3 Ba7 18. Be2 h4 19. Bh2 Bd7 20. Qd2 Rg8 21. Bh5 O-O-O
22. Nd4 Nxd4 23. cxd4 Qb6 24. Rac1+ Kb8 25. Rc5 Rdf8 26. Rec1 Qd8 27. R5c3 Qe7
28. Rf3 Rh8 29. Bg4 Rc8 30. Rcc3 Ka8 31. Rf6 Rxc3 32. bxc3 Rc8 33. f4 Qa3 34.
fxg5 Rxc3 35. Rxf7 Bb5 36. Bf4 Rd3 37. Qc2 Bxd4+ 38. Kh2 Rc3 39. Qd2 Bd3 40. g6
Bxg6 0-1

[Event "Cto Equipos Aragon 2013 Div. Honor II"]
[Site "Aragon"]
[Date "2013.03.02"]
[Round "6.18"]
[White "Sacristan Latorre, Alberto"]
[Black "Cerrajeria Ruiz, Jesus Maria"]
[Result "1-0"]
[WhiteElo "2063"]
[BlackElo "2155"]
[PlyCount "111"]
[EventDate "2013.??.??"]
[EventType "tourn"]
[EventRounds "7"]
[EventCountry "ESP"]
[WhiteTeam "Ramiro"]
[BlackTeam "Helios"]

1. e4 c5 2. Ne2 g6 3. d4 Bg7 4. Nbc3 cxd4 5. Nxd4 Nc6 6. Be3 Nf6 7. Bc4 Qa5 8.
O-O O-O 9. Bb3 d6 10. h3 Bd7 11. Re1 Qh5 12. Qxh5 Nxh5 13. Rad1 Rfc8 14. Nd5
Kf8 15. Nxc6 bxc6 16. Nc3 Be5 17. Bd4 Bxd4 18. Rxd4 c5 19. Rd2 f6 20. Bc4 Rab8
21. b3 g5 22. Nd5 Bb5 23. Bxb5 Rxb5 24. c4 Rb7 25. Rf1 e6 26. Nc3 Ke7 27. g3 a6
28. Rfd1 Rc6 29. Kg2 h6 30. Ne2 a5 31. Nc3 Ng7 32. Nb5 Rd7 33. f4 gxf4 34. gxf4
e5 35. f5 Nh5 36. Kf3 Nf4 37. h4 Ra6 38. a4 Rb6 39. Rg1 Kf8 40. Rg3 Kf7 41. Rd1
Nh5 42. Rg6 Nf4 43. Rg4 h5 44. Rg3 Re7 45. Rdg1 Ke8 46. Rg8+ Kd7 47. Ra8 Rb7
48. Rgg8 Rh7 49. Rxa5 Ke7 50. Raa8 Rd7 51. a5 Nd3 52. a6 Nb4 53. a7 d5 54.
Rae8+ Kf7 55. Ref8+ Ke7 56. a8=Q 1-0

[Event "Cto Equipos Aragon 2013 Div. Honor II"]
[Site "Aragon"]
[Date "2013.03.02"]
[Round "6.19"]
[White "Navarro Alonso, Jorge Luis"]
[Black "Colom Sienes, Eduardo"]
[Result "1-0"]
[WhiteElo "2161"]
[BlackElo "2028"]
[PlyCount "107"]
[EventDate "2013.??.??"]
[EventType "tourn"]
[EventRounds "7"]
[EventCountry "ESP"]
[WhiteTeam "Helios"]
[BlackTeam "Ramiro"]

1. e4 e6 2. d4 d5 3. Nc3 Bb4 4. e5 c5 5. dxc5 Nc6 6. Nf3 Bxc3+ 7. bxc3 Nge7 8.
Bd3 Ng6 9. Bxg6 fxg6 10. Be3 O-O 11. O-O Rf5 12. Bd4 g5 13. Ne1 Qe7 14. Nd3 Bd7
15. Rb1 Na5 16. Qg4 Ba4 17. Qe2 Raf8 18. Rb4 Bc6 19. Nb2 Be8 20. Nd3 Nc4 21.
Nb2 Na5 22. Nd3 h5 23. Be3 Qf7 24. Rbb1 Nc4 25. Bd4 g4 26. Nb2 Na3 27. Rbc1 Bb5
28. Nd3 Rf3 29. Rfd1 Qg6 30. Kh1 Nxc2 31. Qxc2 Bxd3 32. Qd2 Rh3 33. f3 gxf3 34.
gxh3 Be4 35. Qf2 Qg5 36. Rg1 Qf4 37. Rcf1 Rf5 38. Rg3 h4 39. Rg4 Qh6 40. Rfg1
Kf8 41. Re1 Kf7 42. Be3 Qh7 43. Rf1 Kf8 44. Qxh4 Rh5 45. Qd8+ Kf7 46. Qd7+ Kf8
47. Qc8+ Kf7 48. Rf4+ Rf5 49. Qxb7+ Ke8 50. Qb8+ Ke7 51. Qxa7+ Ke8 52. Qa4+ Ke7
53. Rxe4 Qxh3 54. Rf2 1-0

[Event "Cto Equipos Aragon 2013 Div. Honor II"]
[Site "Aragon"]
[Date "2013.03.02"]
[Round "6.20"]
[White "Palacios Herrero, Pablo"]
[Black "Montes Santos, Lorenzo"]
[Result "0-1"]
[WhiteElo "1963"]
[BlackElo "2055"]
[PlyCount "132"]
[EventDate "2013.??.??"]
[EventType "tourn"]
[EventRounds "7"]
[EventCountry "ESP"]
[WhiteTeam "Ramiro"]
[BlackTeam "Helios"]

1. e4 c5 2. Nf3 g6 3. d4 Bg7 4. Nc3 cxd4 5. Nxd4 Nc6 6. Be3 Nf6 7. Bc4 O-O 8.
Bb3 d6 9. f3 Bd7 10. Qd2 Nxd4 11. Bxd4 b5 12. a4 a6 13. O-O Bc6 14. Nd5 Bxd5
15. exd5 Nh5 16. Rfe1 Re8 17. Bxg7 Nxg7 18. Re4 Qd7 19. Qe2 Rac8 20. Rb4 Qa7+
21. Kh1 Qc5 22. Re4 Rc7 23. axb5 Qxb5 24. Rxa6 Qxe2 25. Rxe2 Nf5 26. g4 Nd4 27.
Re4 Nxb3 28. cxb3 Rc1+ 29. Kg2 Rc2+ 30. Kg3 Rxb2 31. Rb6 g5 32. b4 Rc8 33. h4
h6 34. hxg5 hxg5 35. Rc6 Ra8 36. Rc1 Raa2 37. Rg1 Kf8 38. Rd4 f6 39. Kh3 Rb3
40. Rg3 Rab2 41. f4 Rxb4 42. Rxb4 Rxb4 43. fxg5 fxg5 44. Rf3+ Kg7 45. Rf5 Kg6
46. Kg3 Re4 47. Rf3 Re5 48. Rd3 Kf7 49. Kf3 Ke8 50. Rd2 Kd7 51. Rd4 e6 52.
dxe6+ Kxe6 53. Rd3 Kd7 54. Rc3 d5 55. Rc5 Kd6 56. Rc8 d4 57. Kf2 Kd5 58. Rd8+
Kc4 59. Rc8+ Kd3 60. Kf3 Kd2 61. Rd8 d3 62. Kf2 Re4 63. Kf3 Rf4+ 64. Kg3 Ke3
65. Rd5 d2 66. Re5+ Re4 0-1

[Event "Cto Equipos Aragon 2013 Div. Honor II"]
[Site "Aragon"]
[Date "2013.03.02"]
[Round "6.21"]
[White "Carretero Cacho, Juan Jose"]
[Black "Gomez Anadon, Daniel"]
[Result "0-1"]
[WhiteElo "2139"]
[BlackElo "2232"]
[PlyCount "64"]
[EventDate "2013.??.??"]
[EventType "tourn"]
[EventRounds "7"]
[EventCountry "ESP"]
[WhiteTeam "Agrupacion B"]
[BlackTeam "St. Casablanca B"]

1. d4 Nf6 2. Nf3 e6 3. Bf4 b6 4. e3 Bb7 5. Bd3 Ne4 6. c3 f5 7. Nbd2 Be7 8. Rg1
d6 9. g4 g6 10. gxf5 exf5 11. Bxe4 fxe4 12. Ng5 Bxg5 13. Bxg5 Qd7 14. Qc2 d5
15. O-O-O Nc6 16. f3 exf3 17. Nxf3 O-O 18. Nh4 Qe6 19. Bf4 Ne7 20. Rg5 Qh3 21.
Nxg6 hxg6 22. Rxg6+ Kf7 23. Rgg1 Ke6 24. c4 Qf5 25. cxd5+ Nxd5 26. Qb3 Kd7 27.
Rg7+ Rf7 28. Rg5 Qe6 29. Re5 Qc6+ 30. Kb1 Raf8 31. Bg3 Rf1 32. Qd3 Ba6 0-1

[Event "Cto Equipos Aragon 2013 Div. Honor II"]
[Site "Aragon"]
[Date "2013.03.02"]
[Round "6.22"]
[White "Gimenez Martinez, Alberto"]
[Black "Sanchez Moreno, Jose Carlos"]
[Result "1-0"]
[WhiteElo "2171"]
[BlackElo "1978"]
[PlyCount "55"]
[EventDate "2013.??.??"]
[EventType "tourn"]
[EventRounds "7"]
[EventCountry "ESP"]
[WhiteTeam "St. Casablanca B"]
[BlackTeam "Agrupacion B"]

1. e4 c5 2. Nf3 e6 3. d4 cxd4 4. Nxd4 a6 5. Nc3 Qc7 6. Be3 Bc5 7. Qd2 Nf6 8. f3
O-O 9. g4 d5 10. g5 Nfd7 11. exd5 e5 12. Nb3 b5 13. Nxc5 Nxc5 14. Ne4 Nxe4 15.
fxe4 Bg4 16. Rg1 Bh5 17. Be2 Bg6 18. Qd3 Rd8 19. h4 Qa5+ 20. c3 b4 21. c4 Nc6
22. b3 h5 23. gxh6 Qa3 24. Bc1 Qa5 25. h5 Bh7 26. Rxg7+ Kh8 27. Qg3 f6 28.
Rxh7+ 1-0

[Event "Cto Equipos Aragon 2013 Div. Honor II"]
[Site "Aragon"]
[Date "2013.03.02"]
[Round "6.23"]
[White "Martinez Crespo, Juan"]
[Black "Arregui Untoria, Carlos"]
[Result "1-0"]
[WhiteElo "1857"]
[BlackElo "2101"]
[PlyCount "45"]
[EventDate "2013.??.??"]
[EventType "tourn"]
[EventRounds "7"]
[EventCountry "ESP"]
[WhiteTeam "Agrupacion B"]
[BlackTeam "St. Casablanca B"]

1. e4 c5 2. Nf3 d6 3. d4 Nf6 4. Nc3 cxd4 5. Nxd4 a6 6. Bg5 e6 7. f4 Qb6 8. Nb3
Nbd7 9. Qf3 Be7 10. Bd3 O-O 11. O-O-O Qc7 12. Rhe1 b5 13. e5 dxe5 14. Qxa8 Bb7
15. Qa7 Nb6 16. fxe5 Nfd5 17. Bxe7 Nxe7 18. Be4 Ned5 19. Nxd5 exd5 20. Bxd5 Rb8
21. Be4 Nd5 22. Rxd5 Ra8 23. Qc5 1-0